书目信息 |
| 题名: |
葡萄酒分析化学
|
|
| 作者: | 秦含章 编著 | |
| 分册: | ||
| 出版信息: | 北京 中国轻工业出版社 1991.10 |
|
| 页数: | 973页 | |
| 开本: | 20cm | |
| 丛书名: | ||
| 单 册: | ||
| 中图分类: | TS262.6 | |
| 科图分类: | ||
| 主题词: | 酿造--食品工业 | |
| 电子资源: | ||
| ISBN: | 7-5019-0962-8 | |
| 000 | 00729nam0 2200217 45 | |
| 001 | 0193015650 | |
| 005 | 20051228152849.89 | |
| 010 | @a7-5019-0962-8@dCNY32.00 | |
| 100 | @a19800101d1992 em y0chiy0121 ea | |
| 101 | 0 | @achi |
| 102 | @aCN@b110000 | |
| 105 | @ay z 000yy | |
| 200 | 10 | @a葡萄酒分析化学@Apu tao jiu fen xi hua xue@f秦含章编著@Fqin han zhang bian zhu |
| 210 | @a北京@c中国轻工业出版社@d1991.10 | |
| 215 | @a973页@d20cm | |
| 330 | @a本书内容包括∶葡萄酒的取样、观察、品尝、分析和评价,葡萄酒的浑浊与沉淀试验法,葡萄酒的有机酸类,葡萄酒的矿物成分等21章。 | |
| 606 | 0 | @a酿造@x食品工业 |
| 690 | @aTS262.6 | |
| 701 | 0 | @a秦含章@Aqin han zhang@4编著 |
| 801 | 0 | @aCN@bNLC@c20051228 |
| 905 | @f2@b248426-427@dTS262.6@e18 | |
| 葡萄酒分析化学/秦含章编著.-北京:中国轻工业出版社,1991.10 |
| 973页;20cm |
| ISBN 7-5019-0962-8:CNY32.00 |
| 本书内容包括∶葡萄酒的取样、观察、品尝、分析和评价,葡萄酒的浑浊与沉淀试验法,葡萄酒的有机酸类,葡萄酒的矿物成分等21章。 |
| ● |
| 相关链接 |
|
|
|
|
正题名:葡萄酒分析化学
索取号:TS262.6/18
 
预约/预借
| 序号 | 登录号 | 条形码 | 馆藏地/架位号 | 状态 | 备注 |
| 1 | 0248426 | 001480221 | 第二样本阅览室/ [索取号:TS262.6/18] | 在馆 | |
| 2 | 0248427 | 001480230 | 第三借阅区/ [索取号:TS262.6/18] | 在馆 | |
| 3 | 0248428 | 202146702 | 密集书库/ [索取号:TS262.6/18] | 在馆 |